• 首页
  • 本馆介绍
  • 公告通知
  • 最新文献
  • 馆藏检索
  • 电子资源
  • 读者导购
  • 参考咨询
  • 我的图书馆
  • 登录
  • 详细信息显示
  • 放入我的书架
  • 预约/预借图书
  • 作者相关作品
  • 分类相关作品
  • 丛书相关作品
  • 出版社相关作品

书目信息

  • 表格格式
  • 工作单格式
  • 卡片格式
题名:
含氟生理活性物质的开发和应用
    
 
作者: 石川延男 监修 ;闻建勋 , 闻宇清 译
分册:  
出版信息: 上海   华东化工学院出版社  2000
页数: 234页
开本: 21cm
丛书名:
单 册:
中图分类: TQ124.3
科图分类:
主题词: 氟化合物--研究 , Ⅶ族化合物--生产
电子资源:
ISBN: 7-5628-1102-4
000 00755nam0 2200229 45
001 0305181306
005 20031219104110.2
010    @a7-5628-1102-4@b精装@dCNY38.00
100    @a20030518d2000 km y0chiy0120 ea
101 0  @achi@cjpn
105    @a z 000yy
200 1  @a含氟生理活性物质的开发和应用@AHan Fu Sheng Li Huo Xing Wu Zhi De Kai Fa He Ying Yong@f(日)石川延男监修@F(Ri)Shi Chuan Yan Nan Jian Xiu@g闻建勋,闻宇清译
210    @a上海@c华东化工学院出版社@d2000
215    @a234页@d21cm
606 0  @a氟化合物@x研究
606 0  @aⅦ族化合物@x生产
690    @aTQ124.3@v4
701  0 @a石川延男@4监修
702  0 @a闻建勋@AWen Jian Xun@4译
702  0 @a闻宇清@AWen Yu Qing@4译
801    @aCN@bTSTC@c20030518
905    @dTQ124.3@b323493-496@e3@f4
    
    含氟生理活性物质的开发和应用/(日)石川延男监修/闻建勋,闻宇清译.-上海:华东化工学院出版社,2000
    234页;21cm
    
    
    ISBN 7-5628-1102-4(精装):CNY38.00
    
●
相关链接 在E读中查询图书 在五车中查询图书 在当当中查询图书 在豆瓣中查询图书


正题名:含氟生理活性物质的开发和应用     索取号:TQ124.3/3         预约/预借

序号 登录号 条形码 馆藏地/架位号 状态 备注
1 0323493   203234936   第三借阅区/ [索取号:TQ124.3/3] 在馆    
2 0323494   203234945   第三借阅区/ [索取号:TQ124.3/3] 在馆    
3 0323495   203234954   第三借阅区/ [索取号:TQ124.3/3] 在馆    
4 0323496   203234963   第二样本阅览室/ [索取号:TQ124.3/3] 在馆    
唐山师范学院图书馆 欢迎您!
大连网信软件有限公司© 版权所有